000 00706cam a2200229 a 4500
001 535868
005 20180814044234.0
008 871014s1988 caua b 001 0 eng
010 _a 87083018
020 _a0155752154 (pbk.)
040 _aDLC
_cDLC
_dDLC
041 _aeng
080 _a153.83
082 0 0 _a153.83
_221
100 1 _a48
101 _aPSI
245 1 0 _aRational choice in an uncertain world /
_cRobyn M. Dawes ; under the general editorship of Jerome Kagen [i.e. Kagan].
504 _aBibliography: p. [333]-336.
906 _a7
_bcbc
_corignew
_d3
_eopcn
_f19
_gy-gencatlg
942 _2ddc
_cBK
999 _c47090
_d47090